000 00374nam a22001577a 4500
005 20160628153640.0
008 160628b xxu||||| |||| 00| 0 eng d
020 _a007-065658-4
041 _aeng
082 _b10782
245 _aManageing Projects large and Small
260 _bHarvard Business School Press
300 _a164
650 _aManagement
_9241
942 _cBK
999 _c4524
_d4523